Normal view MARC view
  • Rome

Entry Geographic Name

Number of records used in: 2

001 - CONTROL NUMBER

  • control field: 40175

003 - CONTROL NUMBER IDENTIFIER

  • control field: OSt

005 - DATE AND TIME OF LATEST TRANSACTION

  • control field: 20160613132448.0

008 - FIXED-LENGTH DATA ELEMENTS

  • fixed length control field: 160613|| aca||aabn | a|a d

040 ## - CATALOGING SOURCE

  • Original cataloging agency: OSt

151 ## - HEADING--GEOGRAPHIC NAME

  • Geographic name: Rome
  • General subdivision: History
  • Chronological subdivision: Mithridatic Wars, 88-63 B.C.
  • Form subdivision: Fiction